000 00631nam a2200181Ia 4500
008 151018s9999 xx 000 0 und d
082 _bRBASDV29729
_a110
100 _aसत्यार्थी
245 _aअंधारातून प्रकाशाकडे
250 _b7
260 _bसंत निराकारी मंडळ
_c1997
300 _a116
600 _aसत्यार्थी
630 _aअंधारातून प्रकाशाकडे
700 _aसत्यार्थी
730 _aअंधारातून प्रकाशाकडे
942 _cBOOK
999 _c1029274
_d1029271